000 00594nam a2200181Ia 4500
008 090124s9999 xx 000 0 und d
082 _b6260
_a723
100 _aवझे यशवंत गणेश
245 _a स्त्री आणि सौन्दर्य
250 _a1
260 _c1942
300 _a114
600 _aवझे यशवंत गणेश
630 _a स्त्री आणि सौन्दर्य
700 _aवझे यशवंत गणेश
730 _a स्त्री आणि सौन्दर्य
942 _cBOOK
999 _c120201
_d120201